000 00296nam a22001217a 4500
040 _c333
082 _a333 MAL 2001 C090
100 _aMALCOLM HADDON
245 _aModelling and quantitative methods in fisheries
260 _aPhnom Penh
_bMAL
_c2001
300 _a406p.
_bill.
_c29cm.
942 _cEK
999 _c11120
_d11120